| 000 | 00972nam a22002417a 4500 | ||
|---|---|---|---|
| 005 | 20240530110912.0 | ||
| 008 | 171211b1984 sy fk f b 001 0 ara d | ||
| 040 | _aEG-CaGPL | ||
| 082 | 0 | 4 |
_221 _a704,9481/ _bب ت |
| 100 | 1 | _aبريجز ، كريستى ارنولد . | |
| 245 | 1 | 0 |
_aتراث الاسلام فى الفنون الفرعية والتصوير والعمارة / _cبريجز، كريستي ارنولد ؛ ترجمة زكي محمد حسن . |
| 250 | _aط. 1 | ||
| 260 |
_aدمشق : _bدار الكتاب العربي ، _c1984 |
||
| 300 |
_a180 ص : _bايض ؛ _c15سم . |
||
| 504 | _aببليوجرافية : ص 161 | ||
| 650 | 0 | 7 |
_2qrmak _aالفن الاسلامي |
| 650 | 0 | 7 |
_2qrmak _aالعمارة الاسامية |
| 650 | 0 | 7 |
_2qrmak _aالتصوير الاسلامي |
| 650 | 0 | 7 |
_2qrmak _aالفنون الزخرفية |
| 700 | 0 |
_aزكي محمد حسن _eمترجم |
|
| 942 |
_2ddc _cBK |
||
| 999 |
_c66332 _d66332 |
||